| 000 | 00406 a2200121 4500 | ||
|---|---|---|---|
| 001 | ART_14710 | ||
| 005 | 20260410161613.0 | ||
| 008 | 260409a | ||
| 245 | 1 | 0 | _aUn marco para la toma de decisiones del líder |
| 100 | 1 | _aSnowden, David J. | |
| 700 | 1 | _aBoone, Mary E. | |
| 773 | 0 |
_tHarvard Business Review _gIdeas clave de HBR para América Latina - Vol. 85, Nº 11 (nov. 2007) _wREV340 |
|
| 999 |
_c10831 _d10831 |
||